| 000 | 00391cam a2200169ua 4500 | ||
|---|---|---|---|
| 001 | 3887 | ||
| 008 | 131205n II |||gr||||Z||||||eng | ||
| 040 | _aMAIN | ||
| 041 | _aEnglish | ||
| 082 | _a954 TRI | ||
| 100 | _aTRIPATHI, RAMA SHANKAR. | ||
| 245 | _aHISTORY OF ANCIENT INDIA | ||
| 260 |
_a[s.l]: _bMOTILAL, _c1987. |
||
| 300 |
_a608: _c24CM. |
||
| 653 | _aSouth Asia India | ||
| 942 | _cBK | ||
| 999 |
_c3874 _d3874 |
||